header

Grasmere 2010 (Record no. 200718)

MARC details
000 -LEADER
fixed length control field 01464nam a2200325 a 4500
245 10 - TITLE STATEMENT
Title Grasmere 2010
260 ## - PUBLICATION, DISTRIBUTION, ETC. (IMPRINT)
Place of publication Tirril [England] :
Name of publisher Humanities-Ebooks,
Year of publication 2010.
300 ## - PHYSICAL DESCRIPTION
Number of Pages 232 p.
500 ## - GENERAL NOTE
General note "Selected papers from the 40th Anniversary Wordsworth Summer Conference."--Subtitle from cover.
650 #0 - SUBJECT ADDED ENTRY--TOPICAL TERM
Topical Term Romanticism
700 1# - ADDED ENTRY--PERSONAL NAME
Personal name Gravil, Richard.
856 40 - ELECTRONIC LOCATION AND ACCESS
Uniform Resource Identifier http://site.ebrary.com/lib/rucke/Doc?id=10567344

No items available.

© 2026 Rongo University
Contact us: librarian | system librarian | Rongo university